| 000 | 00989nam a22002537a 4500 | ||
|---|---|---|---|
| 005 | 20170421102712.0 | ||
| 010 | _aBAC-CH25 | ||
| 020 |
_a9789383331123 _c175.00 |
||
| 035 | _aB-548660-694 | ||
| 035 | _aB-667435 | ||
| 035 | _aG-003122 | ||
| 037 |
_aDPL _bBookwell/vendor |
||
| 082 | _aS | ||
| 100 | _aSharma, Natasha | ||
| 245 |
_aAshoka and the muddled messages / _cby Natasha Sharma; illustrated by Tanvi Bhat |
||
| 260 |
_aChennai _bDuckbill books _c2014 |
||
| 270 |
_a61 Silverline Building, Alapakkam Main Road, _bMaduravoyal, Chennai _e600095 |
||
| 300 |
_a72p. _bill. _c18cm. (pbk) |
||
| 490 | _aHistory mystery | ||
| 942 |
_2ddc _cCH _hS _mSHA |
||
| 999 |
_c86710 _d86710 |
||